Państwa graniczące z tym morzem - Quiz selekcyjny - Statystyki

Ogólne statystyki
  • Ten quiz został rozwiązany 300 razy
    288 od ostatniego zresetowania
  • Średni wynik to 54 z 80
Statystyki odpowiedzi
Zagadnienie Komórka Select % Poprawnych
Morze Bałtyckie ? Polska Tak
98%
Morze Bałtyckie ? Irlandia Nie
97%
Morze Bałtyckie ? Ukraina Nie
97%
Morze Bałtyckie ? Islandia Nie
96%
Morze Bałtyckie ? Słowacja Nie
96%
Morze Bałtyckie ? Białoruś Nie
95%
Morze Bałtyckie ? Szwecja Tak
94%
Morze Bałtyckie ? Estonia Tak
92%
Morze Bałtyckie ? Finlandia Tak
92%
Morze Bałtyckie ? Dania Tak
91%
Morze Bałtyckie ? Niemcy Tak
91%
Morze Bałtyckie ? Litwa Tak
90%
Morze Bałtyckie ? Łotwa Tak
90%
Morze Bałtyckie ? Rosja Tak
89%
Morze Bałtyckie ? Holandia Nie
86%
Morze Czarne ? Chorwacja Nie
78%
Morze Czarne ? Albania Nie
77%
Morze Północne ? Estonia Nie
77%
Morze Północne ? Litwa Nie
77%
Morze Północne ? Łotwa Nie
77%
Morze Północne ? Polska Nie
77%
Morze Czarne ? Włochy Nie
77%
Morze Północne ? Portugalia Nie
76%
Morze Południowochińskie ? Sri Lanka Nie
76%
Morze Czerwone ? Bahrajn Nie
75%
Morze Czarne ? Cypr Nie
75%
Morze Północne ? Hiszpania Nie
74%
Morze Czarne ? Izrael Nie
74%
Morze Czerwone ? Liban Nie
74%
Morze Czarne ? Syria Nie
74%
Morze Południowochińskie ? Indie Nie
73%
Morze Czerwone ? Irak Nie
73%
Morze Czarne ? Grecja Nie
71%
Morze Czerwone ? Iran Nie
71%
Morze Czerwone ? Katar Nie
71%
Morze Północne ? Finlandia Nie
70%
Morze Czerwone ? Zjednoczone Emiraty Arabskie Nie
70%
Morze Czerwone ? Oman Nie
69%
Morze Czerwone ? Etiopia Nie
68%
Morze Północne ? Rosja Nie
68%
Morze Południowochińskie ? Chiny Tak
67%
Morze Bałtyckie ? Norwegia Nie
67%
Morze Południowochińskie ? Rosja Nie
67%
Morze Czerwone ? Arabia Saudyjska Tak
66%
Morze Południowochińskie ? Laos Nie
66%
Morze Czarne ? Mołdawia Nie
66%
Morze Czarne ? Ukraina Tak
65%
Morze Czarne ? Azerbejdżan Nie
64%
Morze Południowochińskie ? Mjanma Nie
64%
Morze Północne ? Wielka Brytania Tak
64%
Morze Północne ? Norwegia Tak
62%
Morze Czarne ? Turcja Tak
62%
Morze Czarne ? Armenia Nie
61%
Morze Czerwone ? Egipt Tak
61%
Morze Południowochińskie ? Korea Północna Nie
60%
Morze Północne ? Szwecja Nie
60%
Morze Czarne ? Gruzja Tak
59%
Morze Czarne ? Rosja Tak
57%
Morze Czarne ? Bułgaria Tak
55%
Morze Czarne ? Rumunia Tak
55%
Morze Południowochińskie ? Wietnam Tak
55%
Morze Południowochińskie ? Korea Południowa Nie
53%
Morze Północne ? Holandia Tak
52%
Morze Północne ? Dania Tak
51%
Morze Południowochińskie ? Japonia Nie
51%
Morze Czerwone ? Jemen Tak
51%
Morze Południowochińskie ? Tajwan Tak
51%
Morze Południowochińskie ? Filipiny Tak
50%
Morze Czerwone ? Erytrea Tak
48%
Morze Czerwone ? Dżibuti Tak
47%
Morze Północne ? Francja Tak
47%
Morze Północne ? Belgia Tak
46%
Morze Północne ? Niemcy Tak
45%
Morze Południowochińskie ? Malezja Tak
41%
Morze Czerwone ? Izrael Tak
39%
Morze Czerwone ? Jordania Tak
39%
Morze Południowochińskie ? Indonezja Tak
36%
Morze Czerwone ? Sudan Tak
35%
Morze Południowochińskie ? Singapur Tak
32%
Morze Południowochińskie ? Brunei Tak
28%
Nie znaleziono quizów pasujących do podanych kryteriów
Rozkład punktacji
Procent ludzi z każdym wynikiem
Percentyl według liczby udzielonych odpowiedzi
Twoja historia wyników
Nie rozwiązałeś tego quizu od ostatniego zresetowania